|
|
|
|
| LEADER |
00000nab a2200000 a 4500 |
| 001 |
vtls000815808 |
| 003 |
SK-MaSNL |
| 005 |
20260302151735.0 |
| 008 |
160324c2002 xo 0 slo |
| 015 |
|
|
|a SNBRB2002/12-38984
|
| 035 |
|
|
|a CLN000167463
|
| 040 |
|
|
|a SNKBUCL
|b slo
|c SNKBUCL
|e AACR2
|
| 041 |
0 |
|
|a slo
|
| 044 |
|
|
|a xo
|c SK
|
| 080 |
|
|
|a 616.24-008.4-08
|2 1997
|
| 245 |
0 |
0 |
|a Bronchoalveolárna laváž ako metóda voľby pri alveolárnej proteinóze
|c M. Refka ... [et al.]
|
| 246 |
1 |
1 |
|a Bronchoalveolar lavage as a therapeutic way for alveolar proteinosis
|
| 300 |
|
|
|b Graf, obr., tab.
|
| 504 |
|
|
|a Res. angl., slov.
|
| 504 |
|
|
|a Bibliogr. odkazy
|
| 650 |
0 |
7 |
|a proteinosis alveolaris pulmonum
|x diagnóza
|x patológia
|x terapia
|2 snkbucl
|9 843822
|
| 650 |
0 |
7 |
|a laváž bronchoalveolárna
|x metódy
|x využitie
|2 snkbucl
|9 843823
|
| 655 |
|
7 |
|a články z novín a časopisov
|2 snkbucl
|9 267496
|
| 700 |
1 |
|
|a Refka, Miroslav
|4 aut
|9 843824
|
| 700 |
1 |
|
|a Janíková, Marta,
|d 1939-
|4 aut
|9 174568
|
| 700 |
1 |
|
|a Tonkovičová, M.
|4 aut
|9 843825
|
| 700 |
1 |
|
|a Machová, J.
|4 aut
|9 805213
|
| 773 |
0 |
|
|x 0862-4968
|t Anesteziologie a neodkladná péče
|g Roč. 13, č. 3 (2002), s. 127-129
|
| 850 |
|
|
|a Slovenská národná knižnica v Martine
|
| 852 |
|
|
|a SNK
|b KIS3GCP
|
| 958 |
|
|
|a MI
|
| 958 |
|
|
|a NB
|
| 999 |
|
|
|c 1360713
|d 1362643
|